000 00918aam a2200301 4500
005 20231016152349.0
008 150624b2012 xxu||||| |||| 00| 0 spa d
020 _a9786074261608
041 _aESP
082 _a323 R173d
100 _aRamírez García, Hugo Saul
_925709
100 _aPallares Yabur, Pedro de Jesús
_925710
245 _aDerechos humanos
260 _aMéxico
_bOxford
_c2012
300 _a406 páginas
650 _aDERECHOS HUMANOS
650 _aÉTICA Y DERECHO
650 _aRASGOS ESENCIALES DEL DERECHO
650 _aESTADO DE DERECHO
650 _aDERECHOS PERSONALES
650 _aDERECHOS ECONÓMICOS
650 _aDERECHOS SOCIALES
650 _aDERECHOS CIVILES
650 _aDERECHOS POLÍTICOS
650 _aDERECHO ECOLÓGICO
650 _aPROTECCIÓN DE LOS DERECHOS HUMANOS
942 _cBK
_2ddc
999 _c3046
_d3046